000 00384 a2200109 4500
001 ART_61497
005 20260410162056.0
008 260409a
245 1 0 _aAnálisis del fallo “AMIA” de la Cámara Federal de Casación Penal
100 1 _aFiumara, Franco M.
773 0 _tTemas de derecho penal y procesal penal
_g- Año 6, N° 6/7 (jun./jul. 2024)
_wREV60798
999 _c36262
_d36262